000 00342nam a22001217a 4500
005 20250516094126.0
008 250516b |||||||| |||| 00| 0 eng d
020 _a0852344295
100 _aMichael Bentley
245 _a Travelling Homeward:
_b Exodus Simply Explained/
_c Bentley, Michael
260 _aUSA:
_bEvangelical Press;
_c1999.
942 _2ddc
999 _c81
_d81